00616nam a2200133Ia 4500008004100000100002500041245009600066245017200162260005300334260000900387300001000396650001500406856006100421170221s9999 xx 000 0 und d aGalina A. Kruchinina aInformation and Communication Technologies in Education as a Factor of Students Motivation  cGalina A. Kruchinina, Larisa I. Tararina, Elena E. Sokolova, Elizaveta V. Limarova, Isita V. Muskhanova, Shavadi M. Arsaliyev, Fatima U. Bazayeva, Nataliya P. Tagirova bInternational Review of Management and Marketing c2012 a3 : 2 xMarketing. uhttp://www.econjournals.com/index.php/irmm/issue/view/71